000 00764nam a2200289 a 4500
003 AR-BaBNM
005 20251128210813.0
008 082120s2002 ||||||||||||||000 | spa||
020 _a84-264-3404-5
040 _cAR-BaBNM
100 1 _aSinger, Isaac Bashevis
245 0 0 _aCuentos judíos de la aldea de Chelm
260 _aBarcelona
_bLumen
_c1991
300 _a57 p.
_bil.
490 0 _aGrandes autores bolsillo
_vv. 4
650 4 _aCUENTOS
650 4 _aLITERATURA JUDIA
650 4 _aESCRITORES
650 4 _aHUMOR
650 4 _aLITERATURA CONTEMPORANEA
653 _aLITERATURA JUVENIL
655 _aLITERATURA
700 1 _aAlsina Thevenet, Homero
_etraductor
700 1 _aSendak, Maurice
_eilustrador
942 _cBK
998 _cMARTIN
999 _c16985
_d16985